People in History A-Z #12 - Statistics

General Stats
  • This quiz has been taken 659 times
  • The average score is 14 of 26
Answer Stats
Hint Answer % Correct
D American animator and who created many characters including Mickey Mouse and Dumbo Walt Disney
95%
M South African anti-apartheid revolutionary and later President of South Africa Nelson Mandela
93%
J Iconic front man and co-founder of The Rolling Stones Mick Jagger
81%
L Longest reigning monarch in European history, known as the 'Sun King' Louis XIV
80%
N Founder of modern nursing known as the 'Lady of the Lamp' Florence Nightingale
75%
P First Lady of Argentina immortalised in the musical Evita Eva Peron
69%
W The last German emperor who abdicated as King of Prussia in 1918 Wilhelm II
68%
G Leader of the French resistance during Nazi occupation, and later founder and president of the Fifth Republic Charles de Gaulle
67%
H Top SS member and proponent of the Holocaust Heinrich Himmler
65%
E Ancient Greek mathematician known as the 'Father of Geometry' Euclid
63%
B Italian Renaissance artist who painted 'The Birth of Venus' Sandro Botticelli
63%
C Middle Ages poet dubbed the 'Father of English Literature', known for The Canterbury Tales Geoffrey Chaucer
60%
K Cold War Soviet leader during the Cuban Missile Crisis Nikita Khrushchev
60%
X Seventh president of China known for his restrictions on civil liberty Xi Jinping
60%
F Influential soul singer of the 60s and 70s who sold over 75 million records worldwide Aretha Franklin
56%
S American rock singer, known by his moniker 'The Boss' Bruce Springsteen
55%
V American actor and comedian known for his roles in Mary Poppins and Chitty Chitty Bang Bang Dick Van Dyke
48%
A Post-war Labour prime minister of the United Kingdom Clement Attlee
44%
Q Norwegian prime minister who collaborated with the Nazis in WWII Vidkun Quisling
42%
R Egyptian pharaoh who led conquests into Nubia and the Levant Ramesses II
39%
U English actress whose eponymous show first featured shorts of the The Simpsons Tracey Ullman
28%
Y Canadian musician and founder of Buffalo Springfield Neil Young
23%
O British WW1 soldier and poet Wilfred Owen
23%
T Japanese shogun who established his clan's dominance over Kyoto for over 200 years Tokugawa Ieyasu
14%
Z Russian-American physicist who introduced the idea of quarks to the Standard Model of particle physics George Zweig
2%
I Discovered photosynthesis in plants Jan Ingenhousz
2%
No matching quizzes found
Score Distribution
Percent of People with Each Score
Percentile by Number Answered
Your Score History
You have not taken this quiz